000
00191 a2200097 4500
001
17136
100
_a
N C C
245
_a
Documentary Systems
260
_a
_b
N C C
_c
090
_c
12763
_d
12763
942
_a
NUST-CAE
_c
M
_c
3073
999
_c
252209
_d
252209